000 00723nam a2200229 a 4500
001 BRCA_1254
005 20190320203341.0
008 920507s1992 nyua---##b---#001-0#eng-d
020 _a0500236429
050 4 _aNK2725
_b.R53 1992
100 1 _aRiccardi-Cubitt, Monique
_94132
245 1 0 _aThe art of the cabinet
_bincluding a chronological guide to styles
_cMonique Riccardi-Cubitt
260 _aLondres
_bThames and Hudson
_c1992.
300 _a224 p.
_bil. (algunas a color)
_c31 cm.
500 _aIncluye Biografía y Glosario
500 _aIncluye índice
504 _aBibliografía : p. 221-222
650 1 4 _aTórax
_94133
650 1 4 _aEbanistería
_94134
650 1 4 _aMuebles
_xEstilos
_94135
942 _2lcc
_cB
999 _c1124
_d1124